| 000 | 01544nam a2200205Ia 4500 | ||
|---|---|---|---|
| 003 | Ost | ||
| 005 | 20260507075725.0 | ||
| 008 | 260507s9999||||xx |||||||||||||| ||und|| | ||
| 040 | _cfsecg | ||
| 041 | _aara | ||
| 082 | _a658.405 | ||
| 100 |
_aعباس، صلاح _eمؤلف |
||
| 245 | 0 |
_aإدارة الازمات في المنشآت التجارية / _c صلاح عباس |
|
| 260 |
_aالاسكندرية: _bمؤسسة شباب الجامعة, _c2004 |
||
| 300 |
_a190 صفحة؛ _c24 سم |
||
| 504 | _aملحق ص. 132 بيبليوغرافيا ص. 130 | ||
| 520 | _aعالج هذا البحث مفهوم الازمات و كون قد يكون للانسان تدخل فيها و قد تكون لها أسباب يمكن توقيها منذ البداية و يمكن الاقلال و الحد من خطورتهاعند حدوثها بالفعل .و عقب وقوع الازمة ما الذي يجب عمله لإعادة لامر الى ماكان عليه قبلها مع ضرورة التعلم مما حدث و اكتساب خبرة ما لمنع أو على الاقل تأخير وقوعها و الحد من مخاطرها غن وقعت.وجاء في الكتاب تصنيف الازمات ؛ معوقات عمل ادرة الازمات ؛ اجراءات الوقاية من الأزمة ؛ ؛ فرق ادرارة الأزمة مراحل عمل فريق الأزمة أزمة بنك الاعتماد والتجارة مصر . | ||
| 653 | _aادارة الأزمات - المنشآت التجارية | ||
| 942 | _cكتاب | ||
| 999 |
_c45972 _d45972 |
||